Statistics for Name a World Capital A-Z - 30 Second Sprint

Click here to take the quiz!

General Stats

  • This quiz has been taken 60 times
  • The average score is 11 of 24

Answer Stats

LetterCapital% Correct
BBrasilia | Berlin | Beijing | +23
89%
AAmsterdam | Ankara | Athens | +12
84%
CCairo | Canberra | Caracas | +5
71%
DDublin | Dhaka | Djibouti | +6
61%
LLima | London | Lisbon | +8
58%
MMadrid | Mexico City | Moscow | +16
58%
OOslo | Ottawa | Ouagadougou
58%
PParis | Prague | Panama City | +14
58%
WWarsaw | Washington DC | Wellington |
Windhoek
47%
JJakarta | Jerusalem | Juba
45%
KKiev | Kathmandu | Kinshasa | +8
42%
NNairobi | New Delhi | Nur-Sultan | +8
39%
RRabat | Reykjavik | Riga | Riyadh |
Rome | Roseau
39%
TTokyo | Tehran | Tallinn | +8
39%
SStockholm | Santiago | Seoul | +15
37%
HHanoi | Harare | Havana | Helsinki | Honiara
34%
QQuito
34%
FFreetown | Funafuti
32%
GGaborone | Georgetown | Gitega |
Guatemala City
32%
IIslamabad
26%
YYamoussoukro | Yaounde | Yaren | Yerevan
26%
ZZagreb
21%
VVaduz | Valletta | Vatican City | Victoria |
Vienna | Vientiane | Vilnius
18%
UUlaanbaatar
16%

Score Distribution

Percentile by Number Answered

Percent of People with Each Score

Your Score History

You have not taken this quiz